Best Picture Winners - Sudden Death - Statistics

General Stats
  • This quiz has been taken 253 times
  • The average score is 6 of 15
Answers on the Grid
Answers color-coded by a green-red scale on the quiz's grid according to % correct below.
Titanic
The Sound of Music
The Shawshank Redemption
The Lord of the Rings: The Fellowship of the Ring
The Godfather Part III
The Broadway Melody
The Aviator
The Apartment
Saving Private Ryan
Pulp Fiction
Parasite
Out of Africa
My Left Foot
Marty
Lady Bird
La La Land
The Wizard of Oz
Jaws
It Happened One Night
Interstellar
Grand Hotel
Shakespeare in Love
Forrest Gump
Everything Everywhere All At Once
Citizen Kane
Chariots of Fire
Cabaret
Boyhood
Birdman or (The Unexpected Virtue of Ignorance)
All That Jazz
All About Eve
12 Angry Men
 
Answer Stats
Answer % Correct
Titanic
60%
Everything Everywhere All At Once
57%
Forrest Gump
57%
Parasite
50%
Shakespeare in Love
50%
Birdman or (The Unexpected Virtue of Ignorance)
49%
Out of Africa
43%
Chariots of Fire
42%
The Sound of Music
42%
The Apartment
34%
All About Eve
32%
It Happened One Night
30%
Marty
29%
Grand Hotel
25%
The Broadway Melody
22%
No matching quizzes found
Score Distribution
Percent of People with Each Score
Percentile by Number Answered
Your Score History
You have not taken this quiz